Опись костюмов женского гардероба пейзанского характера, выданная гардеробмейстеру, по Большому театру с 1867 года

Доступно только в Электронных читальных залах Найти на картеНа карте
RUSMARC
00003646nmc2a22002413x 450
0012191675d-88bc-440c-afa7-fd6c825b331a
00520220929024239.0
100##$a20220420l18671873k l0rusy0189 ca
1010#$arus
102##$aRU
105##$ay###
1222#$ad
2001#$aОпись костюмов женского гардероба пейзанского характера, выданная гардеробмейстеру, по Большому театру с 1867 года
$j1867 г. - 28 декабря 1873 г.
215##$a32 л.
$d50,5х37 см
251##$cДело
300##$aДело
371##$aДокумент не является опубликованным и широко распространяемым
461#0$10019264ebf8-de62-4f1a-9eb4-9f22098dbbd5
$12001
$aДирекция императорских театров МИДв
$1251
$cФонд
$1852
$j497
462#0$1001203f5197-2b10-438a-aaf0-2284a2852014
$12001
$aДирекция императорских театров (1836-1882 гг.)
$1251
$cОпись
$1852
$j11
801#0$aRU
$bРГИА
$c20220420
$gRCR
801#1$aRU
$bГлавНИВЦ
$c20220420
$2rusmarc
801#2$aRU
$bПБ им. Б.Н. Ельцина
$c20220929
$gRCR
$2rusmarc
850##$aРГИА
852##$aРГИА
$eФедеральное казенное учреждение "Российский государственный исторический архив" (РГИА)
$j28
937##$hРГИА
$d12357916
$aASBIBLIO_SCAN
035##$aRusGRCC00043979
856##$uhttp://readingroom.main.prlib.ru/item.aspx?id_node=n179611859&mode=full
Формат отображения